| 000 | 01287nam0a2200349 4500 | ||
|---|---|---|---|
| 001 | RU\NLR\bibl\1303224 | ||
| 005 | 20260406150302.0 | ||
| 010 |
_a978-5-17-054699-2 _bАСТ)(С.:Очар.(м)84 |
||
| 010 |
_a978-5-9713-9126-5 _bАСТ Москва _93000 |
||
| 021 |
_aRU _b2008-79156 _94598 |
||
| 035 | _a(nilc)IZD\AST\2007\862331 | ||
| 035 | _a(NLR Aleph) 001288778 | ||
| 090 |
_a545818 _c545818 |
||
| 100 | _a20081029d2008 |||y0rusy50 ca | ||
| 101 | 1 |
_arus _aeng |
|
| 102 | _aRU | ||
| 105 | _ay ||||||||| | ||
| 200 | 1 |
_aОжерелье дьявола _eроман _fКэт Мартин _g[пер. с англ. И. Карасевой] |
|
| 210 |
_aМосква _cАСТ _cАСТ МОСКВА _d2008 |
||
| 215 |
_a316, [1] с. _d20 |
||
| 225 | 1 | _aНаслаждение | |
| 686 |
_a0661 _aЗарубежная сентиментальная литература _2TCC-BG |
||
| 686 |
_a84(7Cое)-44 _vLBC/PL _2rubbk |
||
| 686 | _aШ6(7США)67-440.4{Лх1979-50} | ||
| 700 | 1 |
_4070 _8rus _7ca _aМартин _bК. _gКэт _3RU\NLR\auth\774905 _9114876 |
|
| 801 | 0 |
_aRU _bЛИБНЕТ _c20081029 |
|
| 801 | 1 |
_aRU _bЦУНБ Москва _c20081126 _2rusmarc |
|
| 801 | 2 |
_aRU _bNLR _c20081205 _grcr |
|
| 830 | _aCODE_OF_LIBNET\000015757 | ||
| 942 | _cBOOK | ||
| 980 | _aNB | ||